|
|
|
|
| LEADER |
02280nam a22003733i 4500 |
| 001 |
EBC6404590 |
| 003 |
MiAaPQ |
| 005 |
20240729202203.0 |
| 006 |
m o d | |
| 007 |
cr cnu|||||||| |
| 008 |
240729s2020 xx o ||||0 eng d |
| 020 |
|
|
|a 9789179297688
|q (electronic bk.)
|
| 035 |
|
|
|a (MiAaPQ)EBC6404590
|
| 035 |
|
|
|a (Au-PeEL)EBL6404590
|
| 035 |
|
|
|a (OCoLC)1224369247
|
| 040 |
|
|
|a MiAaPQ
|b eng
|e rda
|e pn
|c MiAaPQ
|d MiAaPQ
|
| 100 |
1 |
|
|a Köpsén, Johanna.
|
| 245 |
1 |
0 |
|a Knowledge in VET Curricula and Power in Society and Labour Market :
|b Policy and Practice: Demands-Based and Employer-driven Swedish Higher Vocational Education.
|
| 250 |
|
|
|a 1st ed.
|
| 264 |
|
1 |
|a Linköping :
|b Linkopings Universitet,
|c 2020.
|
| 264 |
|
4 |
|c {copy}2020.
|
| 300 |
|
|
|a 1 online resource (151 pages)
|
| 336 |
|
|
|a text
|b txt
|2 rdacontent
|
| 337 |
|
|
|a computer
|b c
|2 rdamedia
|
| 338 |
|
|
|a online resource
|b cr
|2 rdacarrier
|
| 490 |
1 |
|
|a Linköping Studies in Behavioural Science Series ;
|v v.223
|
| 505 |
0 |
|
|a Intro -- Contents -- Förord (Acknowledgements) -- Included articles -- 1. Introduction -- 2. Research review -- 3. Theoretical and interpretative framework -- 4. Method -- 5. Findings -- 6. Discussion -- 7. References -- Appendix 1: Table of policy and instructional documents(in Swedish) -- Appendix 2: Request for participation (translated) -- Appendix 3: Thematic interview guide (translated) -- Appendix 4: Consent form - information letter (translated) -- Appendix 5: Consent form - interview (translated) -- Appendix 6: Consent form - observation (translated) -- The articles -- Articles.
|
| 588 |
|
|
|a Description based on publisher supplied metadata and other sources.
|
| 590 |
|
|
|a Electronic reproduction. Ann Arbor, Michigan : ProQuest Ebook Central, 2024. Available via World Wide Web. Access may be limited to ProQuest Ebook Central affiliated libraries.
|
| 655 |
|
4 |
|a Electronic books.
|
| 776 |
0 |
8 |
|i Print version:
|a Köpsén, Johanna
|t Knowledge in VET Curricula and Power in Society and Labour Market
|d Linköping : Linkopings Universitet,c2020
|
| 797 |
2 |
|
|a ProQuest (Firm)
|
| 830 |
|
0 |
|a Linköping Studies in Behavioural Science Series
|
| 856 |
4 |
0 |
|u https://ebookcentral.proquest.com/lib/matrademy/detail.action?docID=6404590
|z Click to View
|